00546nam a2200169 a 4500008004100000020001500041050002100056100002000077245007000097260004900167300002000216350000900236650001500245650003700260650004300297650003600340120209s2001 ||||||||||||||||| || u a0521008689 aB 3376. W564 Wit aKlagge, James C10aWittgenstein: biography and philosophycedited by James C. Klagge aCambridge:bCambridge University Pressc2001 axv, 272p.: ill. a0.00 aPHILOSOPHY aPHILOSOPHERS--AUSTRIA--BIOGRAPHY aPHILOSOPHERS--GREAT BRITAIN--BIOGRAPHY aWITTGENSTEIN, LUDWIG, 1889-1951